Normal view
MARC view
- Personality Development
Entry Topical Term
Number of records used in: 497
001 - CONTROL NUMBER
- control field: 213420
003 - CONTROL NUMBER IDENTIFIER
- control field: OSt
005 - DATE AND TIME OF LATEST TRANSACTION
- control field: 20250924151417.0
008 - FIXED-LENGTH DATA ELEMENTS
- fixed length control field: 250924|| aca||aabn | a|a d
040 ## - CATALOGING SOURCE
- Original cataloging agency: OSt
- Transcribing agency: OSt
150 ## - HEADING--TOPICAL TERM
- Topical term or geographic name entry element: Personality Development
670 ## - SOURCE DATA FOUND
- Source citation: Work cat.: (OSt)367869: Drucker F. & Others 213419, Self Development for Sure Success, 2004